[Event "Lyon op"]
[Site "Lyon"]
[Date "1995.??.??"]
[Round "6"]
[White "Olivier, Jean Christophe"]
[Black "Haik, Aldo"]
[Result "0-1"]
[WhiteElo "2360"]
[BlackElo "2435"]

1.e4 g6 2.d4 Bg7 3.Nc3 c6 4.f4 d5 5.e5 h5 6.g3 Bg4 7.Be2 Bxe2 8.Ncxe2 e6
9.Nf3 Bf8 10.Be3 Qb6 11.b3 Nh6 12.h3 Nf5 13.Bf2 c5 14.c3 Nc6 15.Rg1 cxd4
16.cxd4 Ba3 17.Kf1 Rc8 18.g4 Nfe7 19.Be1 Nb4 20.Bxb4 Qxb4 21.Kg2 Kd7 22.Ng5 hxg4
23.hxg4 Rh4 24.Kg3 Rch8 25.Qd3 Nc6 26.Rad1 Qa5 27.Nf3 Rh3+ 28.Kg2 Be7 29.a4 a6
30.Rh1 Rxh1 31.Rxh1 Rxh1 32.Kxh1 Qb4 33.Kg2 Qa3 34.Qc2 Qa1 35.f5 exf5 36.gxf5 Nb4
37.Qd2 gxf5 38.Nf4 Qb1 39.Qe3 Qe4 40.Qd2 Nc6 41.Kg3 Bb4 42.Qd1 Bc3 43.Ne2 Ba5
44.Nf4 Bb6 45.Ne2 Qe3 46.Nf4 Nxd4 47.Nxd5 Ne2+ 48.Qxe2 Qxe2 49.Nxb6+ Kd8
50.Nc4 Qd3 51.Nd2 Qe3 52.Kg2 Ke7 53.Kg3 Kf8 54.Kg2 Kg7 55.Kg3 Kh6 56.Kg2 Kh5
57.Kg3 f4+ 58.Kg2 Qe2+ 59.Kg1 Kg4  0-1

[Event "Madrid-ch"]
[Site "Madrid"]
[Date "1995.??.??"]
[Round "6"]
[White "Rojo Huerta, Gabriel"]
[Black "Roa Alonso, Santiago"]
[Result "1/2-1/2"]
[WhiteElo "2380"]
[BlackElo "2345"]

1.e4 g6 2.d4 Bg7 3.Nc3 c6 4.Nf3 d6 5.h3 Nd7 6.Be3 b5 7.Qd2 b4 8.Nd1 Ngf6
9.Bd3 a5 10.Bh6 Bxh6 11.Qxh6 e5 12.dxe5 Nxe5 13.Nxe5 dxe5 14.Ne3 Ng8 15.Qg7 Qf6
16.Qxf6 Nxf6 17.Nc4 Nd7 18.O-O-O Ke7 19.Rd2 f6 20.f3 Nc5 21.Nb6 Rb8 22.Nxc8+ Rhxc8
23.Bc4  1/2-1/2

[Event "CRO-chT"]
[Site "Makarska Tucepi"]
[Date "1995.??.??"]
[Round "?"]
[White "Roschina, Tatiana"]
[Black "Svaljek, Radmila"]
[Result "1-0"]
[WhiteElo "2315"]
[BlackElo "2120"]

1.e4 g6 2.d4 Bg7 3.Nc3 c6 4.Nf3 d5 5.exd5 cxd5 6.Bf4 a6 7.h3 Nc6 8.Bd3 Nf6
9.O-O O-O 10.Bh2 Nb4 11.Re1 Bd7 12.a3 Nxd3 13.cxd3 e6 14.Qb3 Bc6 15.a4 Nd7
16.a5 Re8 17.Re2 Bf8 18.Nd1 Bb5 19.Ne3 Nf6 20.Ne5 Bd6 21.N5g4 Bxh2+ 22.Kxh2 Nxg4+
23.Nxg4 Rc8 24.Rc2 Rxc2 25.Qxc2 h5 26.Ne5 Qb8 27.g3 Rc8 28.Qd2 Kg7 29.Qg5 Rc2
30.Kg2 Qe8 31.Qe3 Qd8 32.g4 h4 33.g5 Rxb2 34.Rc1 Bc6 35.Qf4 f6 36.Nxc6 bxc6
37.Rxc6 fxg5  1-0

[Event "Manresa op"]
[Site "Manresa"]
[Date "1995.??.??"]
[Round "6"]
[White "Magem Badals, Jorge"]
[Black "Spraggett, Kevin"]
[Result "1/2-1/2"]
[WhiteElo "2560"]
[BlackElo "2530"]

1.e4 g6 2.d4 Bg7 3.Nc3 c6 4.h3 d6 5.a4 Nf6 6.Nge2 Qa5 7.Bd2 e5 8.g3 exd4
9.Nxd4 Qe5 10.Bf4 Qe7 11.Bg2 d5 12.O-O Nxe4 13.Re1 O-O 14.Nxe4 dxe4 15.Rxe4 Qd8
16.c3  1/2-1/2

[Event "Moscow3"]
[Site "Moscow"]
[Date "1995.??.??"]
[Round "?"]
[White "Janovsky, Sergey"]
[Black "Sichinava, Roman"]
[Result "1-0"]
[WhiteElo "2450"]
[BlackElo "2400"]

1.e4 g6 2.d4 Bg7 3.Nc3 c6 4.f4 d5 5.e5 h5 6.Nf3 Nh6 7.Be3 Bg4 8.h3 Nf5 9.Bf2 Bxf3
10.Qxf3 h4 11.Bd3 e6 12.O-O Nd7 13.Ne2 b5 14.c3 Bf8 15.b3 Be7 16.c4 bxc4
17.bxc4 Kf8 18.c5 Kg7 19.Rfb1 Rb8 20.Rb3 a5 21.Rab1 Qc7 22.Bc2 Rxb3 23.axb3 Ra8
24.Ra1 Qb7 25.Qc3 Bd8 26.Be1 Nb8 27.Ra4 Na6 28.Kf2 Nb4 29.Bb1 Rb8 30.Qa1 Qb5
31.Bxb4 axb4 32.Qa2 Ng3 33.Nxg3 hxg3+ 34.Ke1 Bc7 35.Qe2 Qxe2+ 36.Kxe2 Bd8
37.Kf3 Rb5 38.Bd3 Ra5 39.Rxa5 Bxa5 40.Ba6 g5 41.fxg5 Kg6 42.Kg4  1-0

[Event "Moscow3"]
[Site "Moscow"]
[Date "1995.??.??"]
[Round "?"]
[White "Zaitsev, Igor A"]
[Black "Sichinava, Roman"]
[Result "0-1"]
[WhiteElo "2455"]
[BlackElo "2400"]

1.e4 g6 2.d4 c6 3.Nc3 Bg7 4.Nf3 d6 5.g3 Nd7 6.Bg2 e5 7.O-O Ngf6 8.a4 O-O
9.a5 Re8 10.h3 Rb8 11.d5 cxd5 12.exd5 a6 13.Be3 b5 14.axb6 Nxb6 15.Nd2 Bb7
16.Ra5 Nfd7 17.Na2 f5 18.Nb4 Rc8 19.Nc6 Qc7 20.c4 e4 21.Qb3 Kh8 22.f4 Nc5
23.Qa3 Bxc6 24.dxc6 Qxc6 25.b4 Nd3 26.Qxd3 exd3 27.Bxc6 Rxe3 28.Bb7 Rb8 29.Bxa6 Bc3
30.Nb3 Bxb4 31.Rb5 Be1 32.c5 dxc5  0-1

[Event "Moscow1"]
[Site "Moscow"]
[Date "1995.??.??"]
[Round "?"]
[White "Shabanov, Yuri"]
[Black "Komliakov, Viktor"]
[Result "1/2-1/2"]
[WhiteElo "2430"]
[BlackElo "2535"]

1.e4 g6 2.d4 Bg7 3.Nc3 c6 4.Be3 d5 5.e5 f6 6.f4 Nh6 7.Qd2 Ng4 8.Nf3 fxe5
9.Nxe5 Nxe3 10.Qxe3 Nd7 11.O-O-O Nxe5 12.fxe5 Bf5 13.Bd3 Bxd3 14.Qxd3 e6
15.Qh3 Qe7 16.Rhf1 O-O-O 17.Ne2 Rdf8 18.Kb1 Rxf1 19.Rxf1 Rf8 20.Rf4 g5 21.Rxf8+ Bxf8
22.Qh5 Kd7 23.Nc1 Qg7 24.Nd3 Be7 25.a3 b6 26.Qe2 Qf7 27.g4 Kc7 28.b4 Qf8
29.h3 Kb7 30.Ka2 a5 31.bxa5 bxa5 32.a4 c5 33.dxc5 Bxc5 34.c4 Bb6 35.cxd5 exd5
36.e6 Qe7 37.Qe5 Kc6 38.Qc3+ Kd6 39.Qe5+ Kc6 40.Qc3+ Kd6 41.Qb2 Kc7 42.Qe5+  1/2-1/2

[Event "Moscow op2"]
[Site "Moscow"]
[Date "1995.??.??"]
[Round "1"]
[White "Vorobiov, Evgeny E"]
[Black "Komliakov, Viktor"]
[Result "0-1"]
[WhiteElo "2325"]
[BlackElo "2520"]

1.e4 g6 2.d4 Bg7 3.Nc3 c6 4.Nf3 d5 5.Bf4 Bg4 6.exd5 cxd5 7.Nb5 Kf8 8.h3 Bxf3
9.Qxf3 Nc6 10.c3 Rc8 11.Bd3 a6 12.Na3 Bh6 13.Nc2 Bxf4 14.Qxf4 Kg7 15.Ne3 e6
16.O-O h5 17.Rfe1 Qf6 18.Qxf6+ Nxf6 19.Nf1 h4 20.Nd2 Nh5 21.Nb3 Nf4 22.Bf1 Rc7
23.Nc5 Kf6 24.Nd3 Nxd3 25.Bxd3 Ke7 26.Kh2 Kd6 27.Rad1 b5 28.a3 Rb8 29.g4 hxg3+
30.fxg3 a5 31.Kg2 b4 32.axb4 axb4 33.Ra1 bxc3 34.bxc3 Rb3 35.Rec1 Nxd4  0-1

[Event "Moscow op"]
[Site "Moscow"]
[Date "1995.??.??"]
[Round "5"]
[White "Daniliuk, Sergey"]
[Black "Krasnov, Sergey"]
[Result "1/2-1/2"]
[WhiteElo "2445"]
[BlackElo "2360"]

1.e4 g6 2.d4 Bg7 3.Nc3 c6 4.f4 d5 5.e5 h5 6.Nf3 Bg4 7.Be3 Qb6 8.Rb1 e6 9.Be2 Ne7
10.O-O Nf5 11.Bf2 Bh6 12.Qd2 a5 13.g3 Nd7 14.Kg2 h4 15.Nxh4 Nxh4+ 16.gxh4 Bxe2
17.Nxe2 Bf8 18.Ng1 c5 19.c3 Qc6 20.Nf3 c4 21.Kh1 b5 22.Rg1 Nb6 23.Ng5 b4
24.Qc2 Ra7 25.Rg4 Rb7 26.Qd2 Na4 27.Rgg1 Be7 28.Rgd1 Qb5 29.Rbc1 Qc6 30.Rb1 Bf8
31.Be1 Qd7 32.Qf2 Nb6 33.b3 bxc3 34.Bxc3 Bb4 35.Bxb4 axb4 36.bxc4 Nxc4 37.Rb3 Qa4
38.Rdb1 Ke7 39.Qe1 Rhb8 40.h5 gxh5 41.Qh4 Kd7 42.Qxh5 Kc6 43.Nxf7 Qxa2 44.Ng5 Qc2
45.Qh3 Re8 46.f5 Rg7 47.Rg1 Reg8 48.f6 Qe4+ 49.Rf3 Rxg5 50.Qxe6+ Kb7 51.Qe7+ Ka8
52.Ra1+ Na3 53.Rxa3+ bxa3 54.Qxa3+ Kb7 55.Qb4+ Ka6 56.Qa4+ Kb6 57.Qb4+ Kc6
58.Qc5+ Kb7 59.Qb5+ Kc7  1/2-1/2

[Event "Moscow4"]
[Site "Moscow"]
[Date "1995.??.??"]
[Round "7"]
[White "Belikov, Vladimir"]
[Black "Kochetkov, German"]
[Result "1-0"]
[WhiteElo "2470"]
[BlackElo "2465"]

1.e4 g6 2.d4 Bg7 3.Nc3 c6 4.Nf3 d6 5.Be3 Nf6 6.h3 O-O 7.Qd2 b5 8.Bd3 Nbd7
9.O-O e5 10.dxe5 dxe5 11.a4 b4 12.Ne2 c5 13.c3 Bb7 14.Ng3 Qa5 15.Qc2 Rac8
16.Nd2 Qc7 17.a5 bxc3 18.bxc3 Ne8 19.Rfd1 Nd6 20.Nc4 Nb5 21.Nb6 axb6 22.Bxb5 Rfd8
23.a6 Ba8 24.Bg5 Nf6 25.Rxd8+ Rxd8 26.Rd1 h6 27.Rxd8+ Qxd8 28.Bxf6 Bxf6 29.Bc4 Qd7
30.Qb3 Qa7 31.Qb5 Kf8 32.Bd5 Bxd5 33.exd5 Be7 34.Ne4 f5 35.Nd2 e4 36.Nc4 Bd8
37.Ne5 Bc7 38.Qd7  1-0

[Event "Moscow op2"]
[Site "Moscow"]
[Date "1995.??.??"]
[Round "8"]
[White "Radjabov, R."]
[Black "Sosnin, Nikolay N"]
[Result "1-0"]
[WhiteElo "2120"]
[BlackElo "2210"]

1.e4 g6 2.d4 Bg7 3.Nc3 c6 4.Be3 d6 5.Qd2 b5 6.O-O-O Qa5 7.h4 h5 8.Nf3 Nd7
9.Kb1 Rb8 10.Bd3 Nh6 11.e5 dxe5 12.dxe5 Nf5 13.Bxf5 gxf5 14.Bf4 Nc5 15.Nd4 O-O
16.Nxc6 Qc7 17.Nd5 Qb7 18.Nxb8 Ne4 19.Qe2 Be6 20.Nc6 Bxd5 21.Rxd5 e6 22.Qxb5 Qc7
23.Rdd1 Rc8 24.Nd4 Nxf2 25.Rhf1 Ne4 26.Qe2 Rb8 27.Nb3  1-0

[Event "Nikolaev zt"]
[Site "Nikolaev"]
[Date "1995.??.??"]
[Round "1"]
[White "Kruppa, Yuri"]
[Black "Iordachescu, Viorel"]
[Result "1/2-1/2"]
[WhiteElo "2555"]
[BlackElo "2425"]

1.e4 g6 2.d4 Bg7 3.Nc3 c6 4.h3 d6 5.Be3 Qb6 6.a3 Nf6 7.Bd3 O-O 8.Nf3 Qc7
9.Qd2 Nbd7 10.Bh6 c5 11.Bxg7 Kxg7 12.O-O a6 13.Rae1 cxd4 14.Nxd4 b5 15.Kh1 Bb7
16.f4 Qb6 17.Nde2 Rac8 18.Ng3 Qc5 19.Nce2 Nb6 20.c3 d5 21.Nd4 dxe4 22.Nxe4 Bxe4
23.Bxe4 Nc4 24.Qf2 Qd6 25.Bf3 Rc7 26.Qg3 Kh8 27.Re2 Rc5 28.Qh4 Rd8 29.Rfe1 Rd7
30.Qh6 Ng8 31.Qf8 e6 32.Qa8 Rd8 33.Qb7 Rc7 34.Qe4 Nf6 35.Qd3 Qxf4 36.Nxe6 Rxd3
37.Nxf4 Rd2 38.Rxd2 Nxd2 39.Re2 Nxf3 40.gxf3 Rd7 41.Kg2 Rd1 42.Re7 Rd2+ 43.Re2 Rd1
44.Re7 Rd2+ 45.Re2 Rd1  1/2-1/2

[Event "Nikolaev zt"]
[Site "Nikolaev"]
[Date "1995.??.??"]
[Round "3"]
[White "Kruppa, Yuri"]
[Black "Rakhmangulov, Andrei"]
[Result "1/2-1/2"]
[WhiteElo "2555"]
[BlackElo "2360"]

1.e4 g6 2.d4 Bg7 3.Nc3 c6 4.h3 d5 5.Nf3 dxe4 6.Nxe4 Nd7 7.Bc4 Ngf6 8.Nxf6+ Nxf6
9.O-O O-O 10.Re1 Qc7 11.Qe2 e6 12.Ne5 Nd7 13.Bf4 Nxe5 14.Bxe5 Qe7 15.Qe4 Bd7
16.Rad1 a5 17.Bxg7 Kxg7 18.d5 cxd5 19.Bxd5 Bc8 20.Bc4 Qc5 21.Re3 a4 22.Qe5+ Qxe5
23.Rxe5 b6 24.Rd6 Ba6 25.Bxa6 Rxa6 26.a3 Rb8 27.Rb5 Ra5 28.Rbxb6 Rb5 29.Rxb8 Rxb8
30.Ra6 Rxb2 31.c4 Rb1+ 32.Kh2 Rb2 33.Kg1 Rb1+ 34.Kh2 Rb2 35.f3 Rc2 36.Rxa4 Rc3
37.Kg1 g5 38.Kf1 Kf6 39.Kf2 h5 40.g4 h4 41.Ra7  1/2-1/2

[Event "JUG-chT"]
[Site "Nis"]
[Date "1995.??.??"]
[Round "?"]
[White "Petkovic, Radoslov"]
[Black "Nevednichy, Vladislav"]
[Result "1-0"]
[WhiteElo "2315"]
[BlackElo "2485"]

1.e4 g6 2.d4 Bg7 3.Nc3 c6 4.h3 d6 5.a4 Nf6 6.g3 O-O 7.Bg2 e5 8.Nge2 exd4
9.Nxd4 Re8 10.O-O Na6 11.a5 Bd7 12.Bf4 Nh5 13.Be3 f5 14.Nde2 Qe7 15.exf5 gxf5
16.Bd4 Be5 17.Qd2 Qg7 18.Rad1  1-0

[Event "JUG-chT"]
[Site "Nis"]
[Date "1995.??.??"]
[Round "?"]
[White "Petronijevic, Zoran"]
[Black "Krstic, Ranko"]
[Result "1-0"]
[WhiteElo "2375"]
[BlackElo "2270"]

1.e4 g6 2.d4 Bg7 3.Nc3 c6 4.h3 d6 5.Nf3 Nf6 6.Be2 O-O 7.O-O Qc7 8.Bg5 Nbd7
9.Re1 e5 10.Bf1 Re8 11.Qd2 Nf8 12.Rad1 Ne6 13.Be3 b6 14.g3 Bb7 15.Bg2 Rad8
16.a4 c5 17.d5 Nf8 18.Bh6 a6 19.Nh4 Bc8 20.Bxg7 Kxg7 21.f4 Nh5 22.fxe5 dxe5
23.Re3 Ne6 24.Rf1 Qe7 25.Qf2 Nd4 26.Nd1 Rf8 27.c3 Nb3 28.Rf3 c4 29.Ne3 Qc5
30.Rxf7+ Rxf7 31.Qxf7+ Kh8 32.Qf2 Bd7 33.Kh2 Bxa4 34.Qe2 Bb5 35.Ng4 Qe7 36.Qe3 Nc5
37.Qh6 Qg7 38.Qg5 Re8 39.Nf6 Nxf6 40.Rxf6 Nd7 41.Nxg6+ Kg8 42.Re6 Rxe6 43.dxe6 Qxg6
44.Qd8+ Nf8 45.e7 Be8 46.exf8=Q+ Kxf8 47.Qc7 Qe6 48.Qxh7 Bd7 49.h4 Ke8 50.Qg7 Kd8
51.h5 Qe7 52.Qg6 Qe6 53.Qxe6 Bxe6 54.h6 Bg8  1-0

[Event "JUG-chT"]
[Site "Nis"]
[Date "1995.??.??"]
[Round "?"]
[White "Petronic, Jovan"]
[Black "Petrovic, Marija"]
[Result "1-0"]
[WhiteElo "2450"]
[BlackElo "2240"]

1.e4 g6 2.d4 Bg7 3.Nc3 c6 4.Bc4 d6 5.Nf3 b5 6.Bb3 a6 7.O-O h6 8.h3 Qc7 9.e5 d5
10.Ne2 Bf5 11.Nh4 Bd7 12.f4 e6 13.Qd3 Ne7 14.g4 c5 15.dxc5 Nbc6 16.Nf3 g5
17.Ng3 gxf4 18.Nh5 Bf8 19.Nf6+ Kd8 20.Bxf4 Ng6 21.Bg3 Bxc5+ 22.Kg2 Ra7 23.Rae1 Na5
24.Bxd5 Kc8 25.Be4 Bc6 26.b3 Bxe4 27.Nxe4 Bf8 28.c4 b4 29.c5 Kb8 30.Rc1 Qc6
31.Qd8+ Kb7 32.Qxa5 Qxe4 33.Qb6+ Ka8 34.Qd8+ Kb7 35.c6+ Qxc6 36.Rxc6 Kxc6
37.Rc1+  1-0

[Event "NLD-chT9596"]
[Site "?"]
[Date "1995.??.??"]
[Round "?"]
[White "Jonkman, Harmen"]
[Black "Klarenbeek, Hans"]
[Result "0-1"]
[WhiteElo "2290"]
[BlackElo "2425"]

1.e4 g6 2.d4 Bg7 3.Nc3 c6 4.Nf3 d6 5.h3 Nf6 6.Bg5 O-O 7.Qd2 b5 8.a3 Bb7 9.Bd3 Nbd7
10.O-O e5 11.b4 a6 12.Rfe1 exd4 13.Nxd4 c5 14.Nf3 Qc7 15.Rac1 Rfe8 16.bxc5 Nxc5
17.Bxf6 Bxf6 18.Nd5 Bxd5 19.exd5 Rxe1+ 20.Rxe1 Nxd3 21.Qxd3 Rc8 22.Re2 Qc3
23.Qe4 Qxa3 24.Qf4 Kg7 25.Nh2 h5 26.Nf3 Rc4 27.Qd2 Qc3 28.Qc1 Qa1 29.Qxa1 Bxa1
30.Ne1 Rc5 31.Nd3 Rxd5 32.Re7 a5 33.Kf1 b4 34.Ke2 Rb5 35.Ra7 Bc3 36.Ra6 d5
37.Nc1 d4 38.Nb3 Re5+ 39.Kf3 Re1 40.Rxa5 d3 41.cxd3 Rb1 42.Nc5 Bd4 43.Rb5 Rb2
44.Ne4 f5 45.Rb7+ Kh6 46.Nd6 h4 47.Nf7+ Kh5 48.g4+ hxg3 49.Kxg3 Bxf2+ 50.Kg2 b3
51.Kf1 Bd4 52.Nd8 Kh4 53.Ne6 Be3 54.d4 Rf2+ 55.Ke1 b2 56.d5 Rc2 57.Kf1 f4  0-1

[Event "NLD-chT9596"]
[Site "?"]
[Date "1995.??.??"]
[Round "?"]
[White "Cardon, Helmut"]
[Black "Van Mil, Johannes A J"]
[Result "1/2-1/2"]
[WhiteElo "2380"]
[BlackElo "2475"]

1.d4 g6 2.e4 Bg7 3.Nc3 c6 4.Nf3 d5 5.h3 Nh6 6.Be2 O-O 7.O-O f6 8.Be3 Nf7
9.Qd2 e6 10.Rfe1 a5 11.Rad1 b5 12.exd5 exd5 13.Bd3 Ra7  1/2-1/2

[Event "NLD-chT9596"]
[Site "?"]
[Date "1995.??.??"]
[Round "?"]
[White "Van der Poel, Henk"]
[Black "Douven, Rudy C"]
[Result "0-1"]
[WhiteElo "2355"]
[BlackElo "2400"]

1.e4 g6 2.d4 Bg7 3.Nc3 c6 4.f4 d5 5.e5 Nh6 6.Be2 f6 7.Nf3 Bg4 8.O-O Nf5 9.Ne1 Bxe2
10.Nxe2 h5 11.Nf3 Nd7 12.g3 Nf8 13.h3 Qd7 14.Kg2 O-O-O 15.Qd3 Ne6 16.Bd2 Rdf8
17.Rh1 fxe5 18.fxe5 Bh6 19.Bxh6 Nxh6 20.Raf1 g5 21.Nd2 h4 22.Rxf8+ Rxf8 23.Rf1 hxg3
24.Rxf8+ Nxf8 25.Nxg3 Ne6 26.Ne2 Qe8 27.Nf3 Qh5 28.Nh2 Kd7 29.c3 Nf5 30.Nf3 g4
31.hxg4 Qxg4+ 32.Kf2 Qh3 33.Neg1 Qg3+ 34.Kf1 Qf4 35.Ne2 Qg4 36.Ke1 Nf4 37.Nxf4 Qxf4
38.Nd2 Ne3 39.Qe2 Qg3+ 40.Qf2 Qxf2+ 41.Kxf2 Nd1+ 42.Ke2 Nxb2 43.Nf3 b6 44.Ng5 c5
45.Kd2 Nc4+ 46.Kd3 Na3 47.Nh3 c4+ 48.Kd2 a5 49.Nf4 e6 50.Nh5 b5 51.Nf6+ Kd8
52.Kc1 b4  0-1

[Event "NLD-chT9596"]
[Site "?"]
[Date "1995.??.??"]
[Round "?"]
[White "Dieks, Roy G"]
[Black "Carlier, Bruno"]
[Result "1/2-1/2"]
[WhiteElo "2270"]
[BlackElo "2350"]

1.e4 g6 2.d4 Bg7 3.Nc3 c6 4.Nf3 d6 5.a4 Nf6 6.h3 O-O 7.Be2 Qc7 8.O-O e5 9.Be3 Nbd7
10.Qd2 exd4 11.Nxd4 Nc5 12.f3 Nh5 13.Bh6 d5 14.Bxg7 Nxg7 15.exd5 Rd8 16.Bc4 Nf5
17.Nxf5 Bxf5 18.b4 Qb6 19.bxc5 Qxc5+ 20.Kh1 Qxc4 21.d6 Kg7 22.g4 Be6 23.Rad1 Rd7
24.Qe3 Rad8 25.Rfe1 Bd5 26.Nxd5 cxd5 27.Qe5+ f6 28.Qxd5 Qxd5 29.Rxd5 Kf7
30.Rb5 Rc8 31.Reb1 b6 32.a5 Rxd6 33.axb6 axb6 34.Rxb6 Rxb6 35.Rxb6 Rxc2 36.Rb7+ Ke6
37.Kg1 Ke5 38.Rb4 f5 39.Ra4 Rb2  1/2-1/2

[Event "NLD-chT9596"]
[Site "?"]
[Date "1995.??.??"]
[Round "?"]
[White "Klarenbeek, Mark"]
[Black "Ree, Hans"]
[Result "1/2-1/2"]
[WhiteElo "2375"]
[BlackElo "2435"]

1.d4 g6 2.e4 Bg7 3.Nc3 c6 4.Bc4 b5 5.Bb3 a5 6.a3 d6 7.Nf3 Ba6 8.O-O b4 9.Ne2 Nf6
10.e5 dxe5 11.Nxe5 O-O 12.axb4 axb4 13.Be3 c5 14.dxc5 Qc7 15.Nd3 Nc6 16.Re1 Rfd8
17.Qc1 Bxd3 18.Rxa8 Rxa8 19.cxd3 Na5 20.Qc2 Nxb3 21.Qxb3 Ng4 22.Ng3 Nxe3
23.fxe3 Qxc5 24.d4 Qb6 25.Rf1 e6 26.Ne4 Ra7 27.Rc1 h6 28.Nc5 Rc7 29.Rc4 e5
30.Qxb4 Qxb4 31.Rxb4 exd4 32.exd4 Bxd4+  1/2-1/2

[Event "JUG-ch"]
[Site "Novi Sad"]
[Date "1995.??.??"]
[Round "?"]
[White "Gligoric, Svetozar"]
[Black "Nikolic, Zivoslav"]
[Result "1-0"]
[WhiteElo "2455"]
[BlackElo "2480"]

1.d4 g6 2.e4 Bg7 3.Nc3 c6 4.Nf3 d5 5.h3 Nh6 6.exd5 cxd5 7.Bb5+ Kf8 8.O-O Nf5
9.Re1 a6 10.Ba4 e6 11.Ne2 Bd7 12.Bb3 Nc6 13.c3 Qb6 14.Bc2 Nfe7 15.Nf4 Re8
16.Nd3 Bc8 17.Bf4 f6 18.Qd2 h6 19.Re2 g5 20.Bg3 Kf7 21.Rae1 Rhf8 22.b4 a5
23.Nc5 Nd8 24.b5 f5 25.h4 gxh4 26.Ne5+ Kg8 27.Ncd7 Bxd7 28.Nxd7 Qxb5 29.Nxf8 Rxf8
30.Bc7 Nec6 31.Bd3 Qa4 32.Qb2 Nxd4 33.cxd4 Nc6  1-0

[Event "HUN-ch U20"]
[Site "Paks"]
[Date "1995.??.??"]
[Round "?"]
[White "Boros, Daniel"]
[Black "Bodo, Norbert"]
[Result "1/2-1/2"]
[WhiteElo "2285"]
[BlackElo "2280"]

1.e4 g6 2.d4 Bg7 3.Nc3 c6 4.Nf3 d5 5.h3 dxe4 6.Nxe4 Nd7 7.Be2 Ngf6 8.Ng3 Nb6
9.O-O O-O 10.c4 Nfd7 11.Bf4 c5 12.dxc5 Nxc5 13.Qc2 Ne6 14.Rad1 Nd7 15.Be5 Bxe5
16.Nxe5 Qc7 17.Ng4 Ne5 18.Rfe1 Nxg4 19.Bxg4 Ng7 20.Bf3 Be6 21.b3 Rad8 22.Qe4 b6
23.Ne2 Nf5 24.Nf4 Ng7 25.Rxd8 Rxd8 26.Nxe6 Nxe6 27.Bg4 Rd6 28.Qe5 Qd7 29.Re3 Qc6
30.Bf3 Qe8 31.Bd5 Qf8 32.Kf1 Nc7 33.Qxe7 Nxd5 34.Qxf8+ Kxf8 35.Rd3 Ke7 36.cxd5 Kf6
37.Rf3+ Ke7 38.Rd3 Kf6 39.f4 Ke7 40.Ke2 Rd8 41.Kf3 Rc8 42.a3 Kd6 43.Kg4 h6
44.f5 Rc5 45.fxg6 fxg6 46.h4 Rc2 47.g3 Re2 48.h5 gxh5+ 49.Kxh5 Rh2+ 50.Kg6 a5
51.g4 b5 52.a4 bxa4 53.bxa4 Rh4 54.Kf5 Rh1 55.Rb3 Rf1+ 56.Ke4 Re1+ 57.Kd4 Rd1+
58.Kc4 Rc1+ 59.Kb5 Rg1 60.Kxa5 Rxg4 61.Kb5 Kxd5 62.a5 Rg8 63.Rh3 Rh8 64.Rh5+ Ke6
65.Kb6 Kf6 66.a6 Kg6  1/2-1/2

[Event "Pardubice op"]
[Site "Pardubice"]
[Date "1995.??.??"]
[Round "?"]
[White "Galdunts, Sergey"]
[Black "Shurygin, Sergey"]
[Result "1/2-1/2"]
[WhiteElo "2450"]
[BlackElo "2365"]

1.e4 g6 2.d4 Bg7 3.Nc3 c6 4.Bc4 d5 5.exd5 b5 6.Bb3 b4 7.Ne4 cxd5 8.Nc5 Nf6
9.Bd2 Nc6 10.Ba4 Qb6 11.Bxc6+ Qxc6 12.Bxb4 Ne4 13.Ne2 Rb8 14.Nd3 Ba6 15.Ba3 O-O
16.O-O Rfc8 17.Nb4 Rxb4 18.Bxb4 Qb5 19.c3 Qxe2 20.Qxe2 Bxe2 21.Rfe1 Bb5 22.f3 Nd2
23.b3 e6 24.Red1 Bh6 25.Kf2 f6 26.c4 Nxc4 27.bxc4 Rxc4 28.Bd2 Bf8 29.Rac1 Rxd4
30.Be3 Ra4 31.Rc8 Kf7 32.Rc7+ Ke8 33.Rc8+ Kf7 34.Rc7+ Ke8 35.Rc8+  1/2-1/2

[Event "Paris op"]
[Site "Paris"]
[Date "1995.??.??"]
[Round "?"]
[White "Murrey, Jacob"]
[Black "Arduman, Can"]
[Result "1-0"]
[WhiteElo "2495"]
[BlackElo "2380"]

1.e4 g6 2.d4 Bg7 3.Nc3 c6 4.Bc4 d6 5.Qf3 e6 6.Bf4 Nd7 7.O-O-O Qe7 8.Bb3 e5
9.dxe5 Nxe5 10.Qe3 Be6 11.f3 Nf6 12.Nge2 Bxb3 13.axb3 O-O 14.g4 a5 15.Ng3 a4
16.Nxa4 b5 17.Nc3 Ra1+ 18.Kd2 Rxd1+ 19.Rxd1 d5 20.exd5 b4 21.Bxe5 bxc3+ 22.Bxc3 Qd8
23.Bxf6 Qxf6 24.dxc6 Qxb2 25.c7 Be5 26.Qc5 Rc8 27.Ke2 Bxc7 28.Ne4 Qa2 29.Qc6 Qa5
30.Rd5 Qa2 31.Rc5 Qa1 32.Qb7 Rd8 33.Qxc7 Qd1+ 34.Kf2 Rd2+ 35.Nxd2 Qxd2+ 36.Kg3 Qe1+
37.Kf4 Qd2+ 38.Ke4 Qe2+ 39.Kd4 Qd2+ 40.Kc4 Qxc2+ 41.Kb4  1-0

[Event "WchT U26"]
[Site "Parnaiba"]
[Date "1995.??.??"]
[Round "?"]
[White "Dgebuadze, Alexandre"]
[Black "Ranola, Yves"]
[Result "1-0"]
[WhiteElo "2425"]
[BlackElo "2325"]

1.e4 g6 2.d4 Bg7 3.Nc3 c6 4.Bc4 Nf6 5.e5 Nd5 6.Qf3 O-O 7.Nxd5 cxd5 8.Bxd5 Nc6
9.Ne2 e6 10.Bxc6 bxc6 11.O-O f6 12.exf6 Bxf6 13.Qd3 Qb6 14.b3 Ba6 15.c4 d5
16.Be3 Rad8 17.Qc2 Qb4 18.Rac1 c5 19.Rfd1 dxc4 20.bxc4 cxd4 21.Nxd4 Bxd4
22.Rxd4 Rxd4 23.Bxd4 Qd6 24.Bb2 Qc5 25.Qe2 Qf5 26.Qe3 Qf7 27.f3 h5 28.Qe5 Kh7
29.c5 Rg8 30.c6 g5 31.Rc5 h4 32.h3 Bc8 33.Bc1  1-0

[Event "World op"]
[Site "Philadelphia"]
[Date "1995.??.??"]
[Round "2"]
[White "Rowley, Robert"]
[Black "Hanken, Jerome B"]
[Result "1/2-1/2"]
[WhiteElo "2350"]
[BlackElo "2195"]

1.e4 g6 2.d4 Bg7 3.Nc3 c6 4.Nf3 b5 5.a3 d6 6.h3 a6 7.Be2 Nd7 8.O-O Qc7 9.Be3 Ngf6
10.Qd2 Bb7 11.Rfe1 O-O 12.Bh6 c5 13.Bxg7 Kxg7 14.e5 dxe5 15.dxe5 Nxe5 16.Nxe5 Qxe5
17.Bf3 Qc7 18.Bxb7 Qxb7 19.Qe3 Rad8 20.Qxc5 Rd7 21.Rad1 Rfd8  1/2-1/2

[Event "World op"]
[Site "Philadelphia"]
[Date "1995.??.??"]
[Round "8"]
[White "Strenzwilk, Denis"]
[Black "French, George"]
[Result "0-1"]
[WhiteElo "2210"]
[BlackElo "2240"]

1.e4 g6 2.d4 Bg7 3.Nc3 c6 4.Nf3 d6 5.Be2 b5 6.a4 b4 7.Na2 a5 8.c3 bxc3 9.bxc3 Ba6
10.O-O Nf6 11.e5 Nd5 12.exd6 Qxd6 13.g3 O-O 14.c4 Nb4 15.Bf4 Qe6 16.Nxb4 axb4
17.Rc1 c5 18.dxc5 Nc6 19.Ng5 Qf5 20.Bd3 Qxc5 21.Ne4 Qa5 22.Rc2 Rfd8 23.Rd2 h6
24.Qb1 f5 25.Rfd1 Bb7 26.Be3 fxe4 27.Bxe4 g5 28.Rd7 Qxa4 29.Bd5+ e6 30.Bxe6+ Kh8
31.h4 Rxd7 32.Rxd7 Qa1 33.Qxa1 Rxa1+ 34.Kh2 Bc8 35.Rd6 Bxe6 36.Rxe6 b3 37.Rxc6 b2
38.Rb6 b1=Q 39.Rxb1 Rxb1 40.hxg5 hxg5 41.Bxg5 Rb2 42.Be3 Rc2 43.c5 Bf8 44.c6 Rxc6
45.Kg2 Rc2 46.Bd4+ Kh7  0-1

[Event "Pozarevac"]
[Site "Pozarevac"]
[Date "1995.??.??"]
[Round "9"]
[White "Mitrovic, Petar"]
[Black "Komliakov, Viktor"]
[Result "0-1"]
[WhiteElo "2380"]
[BlackElo "2520"]

1.e4 g6 2.d4 Bg7 3.Nc3 c6 4.Bc4 d6 5.Qf3 e6 6.Nge2 Nd7 7.Bf4 Qe7 8.Qg3 e5
9.Bg5 Ngf6 10.d5 h6 11.Bxf6 Bxf6 12.h4 h5 13.dxc6 bxc6 14.O-O-O Nb6 15.Bb3 Be6
16.Rd3 Rd8 17.Bxe6 Qxe6 18.f4 exf4 19.Nxf4 Qg4 20.Qf2 Be5 21.Nce2 Na4 22.Rd4 Nc5
23.Rc4 O-O 24.Rh3 Bg7 25.b4 Ne6 26.Rxc6 Nxf4 27.Nxf4 Bh6 28.Rf3 Qe6 29.Qd4 Qe5
30.Qe3 d5 31.c3 d4 32.cxd4 Rxd4 33.Rc5 Qxe4 34.Qxe4 Rxe4 35.g3 Rxb4 36.Kd1 Rd8+
37.Rd3 Rbd4 38.Rd5 R8xd5  0-1

[Event "Redcar op"]
[Site "Recar"]
[Date "1995.??.??"]
[Round "5"]
[White "Crouch, Colin S"]
[Black "Storey, Charles"]
[Result "1-0"]
[WhiteElo "2410"]
[BlackElo "2125"]

1.d4 g6 2.e4 Bg7 3.Nc3 c6 4.Nf3 d5 5.h3 dxe4 6.Nxe4 Nd7 7.Bc4 Ngf6 8.Ng3 O-O
9.O-O e6 10.Qe2 Nd5 11.Bb3 b5 12.a4 b4 13.a5 c5 14.Rd1 Bb7 15.Ne4 cxd4 16.a6 Bc6
17.Nxd4 Bxd4 18.Rxd4 Qb6 19.Rd1 Kg7 20.Bxd5 Bxd5 21.c4 bxc3 22.Nxc3 Rab8
23.Be3 Qxb2 24.Qxb2 Rxb2 25.Nxd5 Rb5 26.Nc7  1-0

[Event "Rishon Le Ziyyon YM-IM"]
[Site "Rishon Le Ziyyon"]
[Date "1995.??.??"]
[Round "4"]
[White "Kundin, Alexander"]
[Black "Vydeslaver, Alik"]
[Result "0-1"]
[WhiteElo "2205"]
[BlackElo "2405"]

1.e4 g6 2.d4 Bg7 3.Nc3 c6 4.Nf3 d6 5.Be2 Nd7 6.O-O Qc7 7.a4 Ngf6 8.h3 O-O
9.Be3 e5 10.Qd2 Re8 11.dxe5 dxe5 12.Rfd1 Bf8 13.Bg5 Nh5 14.Nh2 Nf4 15.Bc4 h6
16.Bxf4 exf4 17.Ng4 Bg7 18.Qd6 Qxd6 19.Rxd6 h5 20.Nh2 Ne5 21.Bb3 Bf8 22.Rd2 Bb4
23.Rad1 Kf8 24.Nf1 Ke7 25.Re2 b6 26.Nd2 Rd8 27.Nc4 Rxd1+ 28.Nxd1 Ba6 29.Nxe5 Bxe2
30.Nxc6+ Kf8 31.Nxb4 Bxd1 32.Nd5 f3 33.Nc3 Be2 34.h4 Rd8 35.Bd5 f5 36.exf5 gxf5
37.gxf3 Bd1 38.Bb3 Bxf3 39.Kh2 f4 40.Kg1 Ke7 41.Ba2 Kf6 42.Bc4 Rd7 43.Be2 Bxe2
44.Nxe2 Kf5 45.f3 Rd2 46.Kf1 Ke5 47.b3 Rxc2 48.Ke1 Rxe2+ 49.Kxe2 Kd4 50.b4 Kc4
51.b5 Kc3  0-1

[Event "Rishon Le Ziyyo m (Women)"]
[Site "Rishon Le Ziyyon"]
[Date "1995.??.??"]
[Round "5"]
[White "Tsifanskaya, Ludmila A"]
[Black "Segal, Anna"]
[Result "1/2-1/2"]
[WhiteElo "2245"]
[BlackElo "2320"]

1.e4 g6 2.d4 Bg7 3.Nc3 c6 4.Be3 d5 5.Qd2 dxe4 6.Nxe4 Nd7 7.Nf3 Ngf6 8.Nxf6+ Nxf6
9.Bc4 O-O 10.O-O Bf5 11.h3 Ne4 12.Qe2 Nd6 13.Bb3 Qa5 14.c3 Rae8 15.Rfe1 Kh8
16.Bf4 Qc7 17.Ng5 Kg8 18.Qf3 Bf6 19.Qg3 Bd7 20.Ne4 Nxe4 21.Bxc7 Nxg3 22.Bxg3 h5
23.Re2 Rc8 24.Rd1 Rfd8 25.Bf4 Bf5 26.Red2 b6 27.a4 Kg7 28.Be5 Rd7 29.Bxf6+ Kxf6
30.Kf1 h4 31.Ke2 Be4 32.f3 Bf5 33.Ke3 Rd6  1/2-1/2